Infancia, adolescencia y familia desde una perspectiva de los derechos humanos /

Guardado en:
書目詳細資料
主要作者: Camacho Monge, Daniel
格式: Texto
在線閱讀:flarocena@gmail.com
標簽: 添加標簽
沒有標簽, 成為第一個標記此記錄!

MARC

LEADER 00000 a a2200000 04500
001 39976
003
040
100 |a Camacho Monge, Daniel  
245 |a Infancia, adolescencia y familia desde una perspectiva de los derechos humanos /  |c Daniel Camacho Monge  
773 |g número120 ( , 2008), páginas 9-12  
856 |u flarocena@gmail.com  
999 |c 31189  |d 31189 
773 0 |0 18728  |9 3024  |a Universidad de Costa Rica  |d San José, Costa Rica Editorial UCR 1956-  |o 07868  |t Revista de Ciencias Sociales/  |x 04825276